000 00242nam a22000857a 4500
008 161125b xxu||||| |||| 00| 0 eng d
100 _91416
_aYoung Learners
245 _aAlice in Wonder Land
260 _aNew Delhi
_bYoung Learners Publication
_c2011
999 _c4136
_d4136